000
00316nam a2200121Ia 4500
008
190216s9999||||xx |||||||||||||| ||und||
100
_a
Sankara Rao.K
245
0
_a
Numerical Methods For Scientists And Engg
260
_b
Prentice Hall Of India Pvt Ltd
_c
2001
300
_a
273
650
_a
Mathematics
942
_c
BK
999
_c
31945
_d
31945